Loading...

Pollution control, climate change and industrial disaster /

Bibliographic Details
Main Author: Alille, Alexandra
Language:Undetermined
Published: New Delhi : Random Exports , 2013.
LEADER 00558nam a2200157Ia 4500
001 184939
008 170722s9999 xx 000 0 und d
020 |a 9789382226673 
100 |a Alille, Alexandra 
245 |a Pollution control, climate change and industrial disaster / 
260 |a New Delhi :  |b Random Exports ,  |c 2013. 
300 |a 280 p. 
923 |d 20131023  |n PBC 285 
942 |c GEN 
999 |c 151080  |d 151080 
952 |0 0  |1 0  |4 0  |6 G_550AU287_Q3  |7 0  |9 212905  |a LIB  |b LIB  |d 2013-12-18  |e Professional Book Centre  |o G:550aU287 Q3  |p 293165  |r 2017-08-12  |v 1395.00  |w 2017-08-12  |y GEN